Evaluation of Gujarat social forestry programme (Record no. 475388)

MARC details
000 -LEADER
fixed length control field 00821nam a2200265Ia 4500
003 - CONTROL NUMBER IDENTIFIER
control field OSt
005 - DATE AND TIME OF LATEST TRANSACTION
control field 20220925164536.0
008 - FIXED-LENGTH DATA ELEMENTS--GENERAL INFORMATION
fixed length control field 220923b |||||||| |||| 00| 0 eng d
037 ## - SOURCE OF ACQUISITION
Terms of availability General Book
040 ## - CATALOGING SOURCE
Original cataloging agency RTL
Transcribing agency RTL
Language of cataloging eng
041 ## - LANGUAGE CODE
Source of code eng
Language code of text/sound track or separate title eng
100 ## - MAIN ENTRY--PERSONAL NAME
Personal name Dalvi M K
9 (RLIN) 230530
245 #0 - TITLE STATEMENT
Title Evaluation of Gujarat social forestry programme
260 ## - PUBLICATION, DISTRIBUTION, ETC.
Place of publication, distribution, etc. Ahmedabad
Name of publisher, distributor, etc. Sardar Patel Institute of Economic and Social Research India
Date of publication, distribution, etc. 1988
300 ## - PHYSICAL DESCRIPTION
Extent xxiii,312p
Dimensions cm.
490 ## - SERIES STATEMENT
Series statement Monograph series. 14.
500 ## - GENERAL NOTE
General note Bibliography P 303-04
650 ## - SUBJECT ADDED ENTRY--TOPICAL TERM
Topical term or geographic name entry element Forestry Industry
9 (RLIN) 230531
700 ## - ADDED ENTRY--PERSONAL NAME
Personal name Shukla Rohit
9 (RLIN) 230532
942 ## - ADDED ENTRY ELEMENTS (KOHA)
Classification part X9(JB).236.N8, M8
Koha item type General Books
Source of classification or shelving scheme Colon Classification (CC)
Holdings
Withdrawn status Lost status Damaged status Not for loan Home library Current library Date acquired Total Checkouts Full call number Barcode Date last seen Price effective from Koha item type
        Ratan Tata Library Ratan Tata Library 2022-09-25   X9(JB).236.N8 M8 RT1005377 2022-09-25 2022-09-25 General Books
Copyright @ Delhi University Library System